| 000 | 00435pab a2200169 454500 | ||
|---|---|---|---|
| 008 | 180718b1988 xxu||||| |||| 00| 0 eng d | ||
| 100 | _aBeckenstein, Alan R. | ||
| 245 | _aAn executive's guide to antitrust compliance | ||
| 260 | _c1988 | ||
| 300 | _a94-102 | ||
| 362 | _aSept.-Oct. | ||
| 650 | _aExecutives - U.S.A. | ||
| 700 | _aKarlene Roberts | ||
| 700 | _aH. Landis Gabel | ||
| 773 | _aHarvard Business Review | ||
| 909 | _a7915 | ||
| 999 |
_c7915 _d7915 |
||